000 00483nam a2200181Ia 4500
005 20250508151950.0
008 008 250505s9999 xx 000 0 rus d
037 _aBooks to be hide in OPAC
040 _aFEDL
_beng
_cFEDL
041 _arus
_2eng
084 _a516, RUS/O
_qFEDL
100 _aKiselov A P
_9760486
245 0 _aGeometry for class 9th and 10th. Part 1
260 _c1956
300 _a102p.
942 _cHB
_h516, RUS/O
999 _c1333257
_d1333257